| 000 | 00618nam a2200193 a 4500 | ||
|---|---|---|---|
| 001 | 000012327 | ||
| 005 | 20240412074231.0 | ||
| 008 | 091111s1969 dr 000 j spa d | ||
| 040 |
_aDO-SdBNP _bspa _cBNPHU |
||
| 082 |
_aRD863.44 _bF825c |
||
| 100 | 1 |
_aFranco, José Ulises, _d1909-1997 _928996 |
|
| 245 | 1 | 0 |
_aCuentos y cosas de mi tierra / _cJosé Ulises Franco. |
| 260 |
_aSantiago de los Caballeros : _b[s.n.], _c1969. |
||
| 300 |
_a135 p. ; _c23 cm. |
||
| 590 | _aInventariado, 2020/BT | ||
| 650 | 0 |
_aCuentos dominicanos _9176 |
|
| 650 | 0 |
_aLiteratura dominicana. _967 |
|
| 910 | _aValidado. Control de calidad MFF | ||
| 999 |
_c11984 _d11984 |
||